Особенности аннигиляции позитронов в наноразмерных металлических слоях Zr/Nb; Перспективы развития фундаментальных наук; Т. 1 : Физика
| Parent link: | Перспективы развития фундаментальных наук=Prospects of Fundamental Sciences Development: сборник научных трудов XVIII Международной конференции студентов, аспирантов и молодых ученых, г. Томск, 27-30 апреля 2021 г./ Национальный исследовательский Томский политехнический университет (ТПУ) ; под ред. И. А. Курзиной, Г. А. Вороновой.— , 2021 Т. 1 : Физика.— 2021.— [С. 214-216] |
|---|---|
| Hovedforfatter: | |
| Institution som forfatter: | |
| Andre forfattere: | , |
| Summary: | Заглавие с экрана New technologies for producing structural materials that are resistant to hydrogen and radiation damage are pressing problems in materials science. Hydrogen damage and radiation degradation are important factors limiting the fatigue life of structural materials. One promising alternative in developing radiation-hydrogen-resistant materials with improved physical and mechanical properties is the application of nanoscale metal coatings (NMC). The current work is devoted to studying positron annihilation in NMC Zr/Nb with different thicknesses of individual layers, Zr and Nb. |
| Sprog: | russisk |
| Udgivet: |
2021
|
| Fag: | |
| Online adgang: | http://earchive.tpu.ru/handle/11683/68232 |
| Format: | MixedMaterials Electronisk Book Chapter |
| KOHA link: | https://koha.lib.tpu.ru/cgi-bin/koha/opac-detail.pl?biblionumber=633416 |
MARC
| LEADER | 00000naa2a2200000 4500 | ||
|---|---|---|---|
| 001 | 633416 | ||
| 005 | 20231215133515.0 | ||
| 035 | |a (RuTPU)RU\TPU\conf\35164 | ||
| 035 | |a RU\TPU\conf\35162 | ||
| 090 | |a 633416 | ||
| 100 | |a 20210818d2021 k y0rusy50 ca | ||
| 101 | 0 | |a rus | |
| 102 | |a RU | ||
| 105 | |a y z 100zy | ||
| 135 | |a drcn ---uucaa | ||
| 181 | 0 | |a i | |
| 182 | 0 | |a b | |
| 200 | 1 | |a Особенности аннигиляции позитронов в наноразмерных металлических слоях Zr/Nb |d Characteristics of the annihilation of positrons in nanosized metal coatings Zr/Nb |f А. Ломыгин, K. Siemek |g науч. рук. Р. С. Лаптев | |
| 203 | |a Текст |c электронный | ||
| 300 | |a Заглавие с экрана | ||
| 320 | |a [Библиогр.: с. 216 (2 назв.)] | ||
| 330 | |a New technologies for producing structural materials that are resistant to hydrogen and radiation damage are pressing problems in materials science. Hydrogen damage and radiation degradation are important factors limiting the fatigue life of structural materials. One promising alternative in developing radiation-hydrogen-resistant materials with improved physical and mechanical properties is the application of nanoscale metal coatings (NMC). The current work is devoted to studying positron annihilation in NMC Zr/Nb with different thicknesses of individual layers, Zr and Nb. | ||
| 338 | |b Российский научный фонд |d 20-79-10343 | ||
| 461 | 1 | |0 (RuTPU)RU\TPU\conf\35054 |t Перспективы развития фундаментальных наук |l Prospects of Fundamental Sciences Development |o сборник научных трудов XVIII Международной конференции студентов, аспирантов и молодых ученых, г. Томск, 27-30 апреля 2021 г. |o в 7 т. |f Национальный исследовательский Томский политехнический университет (ТПУ) ; под ред. И. А. Курзиной, Г. А. Вороновой |d 2021 | |
| 463 | 1 | |0 (RuTPU)RU\TPU\conf\35055 |t Т. 1 : Физика |v [С. 214-216] |d 2021 | |
| 510 | 1 | |a Characteristics of the annihilation of positrons in nanosized metal coatings Zr/Nb |z eng | |
| 610 | 1 | |a электронный ресурс | |
| 610 | 1 | |a труды учёных ТПУ | |
| 610 | 1 | |a аннигиляция | |
| 610 | 1 | |a позитроны | |
| 610 | 1 | |a наноразмерные слои | |
| 610 | 1 | |a покрытия | |
| 610 | 1 | |a конструкционные материалы | |
| 610 | 1 | |a толщина | |
| 700 | 1 | |a Ломыгин |b А. Д. |c физик |c заведующий лабораторией Томского политехнического университета |f 1997- |g Антон Дмитриевич |3 (RuTPU)RU\TPU\pers\44438 |9 21809 | |
| 701 | 1 | |a Siemek |b K. | |
| 702 | 1 | |a Лаптев |b Р. С. |c физик, специалист в области неразрушающего контроля |c младший научный сотрудник Томского политехнического университета, ассистент, кандидат наук |f 1987- |g Роман Сергеевич |4 727 | |
| 712 | 0 | 2 | |a Национальный исследовательский Томский политехнический университет |b Инженерная школа ядерных технологий |b Отделение экспериментальной физики |3 (RuTPU)RU\TPU\col\23549 |
| 801 | 2 | |a RU |b 63413507 |c 20210902 |g RCR | |
| 856 | 4 | |u http://earchive.tpu.ru/handle/11683/68232 | |
| 942 | |c BK | ||